000 00364nam a2200133Ia 4500
003 GCL
008 140319s9999 xx 000 0 ara d
040 _aGCL /
_cGCL
082 0 4 _a345.05
_bح ح
245 1 0 _aالحديث فى النقد الجنائى (1976_1984)
260 _a[S.N] :
_bالمكتبة القانونية ،
_c1985
300 _a484 ص
490 _a
999 _c54925
_d54925